000 01033nam a22003257a 4500
003 CHAP
005 20220329135051.0
008 971013s1969 r 00010 d
010 _a30388
011 _a31360
035 _a35472
040 _cCHAP
090 _aFolleto 1958
100 0 0 _aMann, G.
_970505
245 _aFrigoríficos para frutas y verduras
260 _aZaragoza :
_bAcribia,
_c1969
300 _a56 p.
_b: ilus. ; láms
500 _a5c en bodega
590 _aBATCH-UPD
_b10
_c20130110
_lUCH01
_h1933
590 _aBATCH-UPD
_b10
_c20130410
_lUCH01
_h1257
590 _aBATCH-UPD
_b10
_c20130914
_lUCH01
_h1449
590 _aCONVERSION
_b10
_c20130109
_lUCH01
_h1317
650 1 4 _aFruta
_xPreservación.
_943652
650 1 4 _aLegumbres
_xPreservación.
_965774
901 _aBK
942 _cFOLL
949 _aFolleto 1958
_bBC
_cFOLL
_d-81988
_eTS1
_i35472
_si
_t115.00
949 _aFolleto 1958
_bBC
_cFOLL
_d-81989
_eTS2
_fc.2
_i35472
_si
_t115.00
949 _aFolleto 1958
_bBC
_cFOLL
_d-81990
_eTS2
_fc.3
_i35472
_si
_t115.00
999 _c30388
_d30388